000
00174 a2200085 4500
020
_a
9780006511083
082
_a
EJF DOUG
100
_a
Sara Douglass
_9
175047
245
_a
Starman
999
_c
742488
_d
742487
942
_w
395
_x
Kholofelo Moabelo
_y
395
_z
Kholofelo Moabelo